[Event "D18blitz"]
[Site "?"]
[Date "2020.08.27"]
[Round "7.6"]
[White "Wolagiewicz, Kinga"]
[Black "Kalinowska, Zuzanna"]
[Result "0-1"]
[BlackElo "1798"]
[WhiteElo "1510"]
[LiveChessVersion "1.4.4"]

1. e4 {[%clk 0:03:04]} e6 {[%clk 0:03:04]} 2. d4 {[%clk 0:03:05]} d5
{[%clk 0:03:05]} 3. Nd2 {[%clk 0:03:06]} Nf6 {[%clk 0:03:06]} 4. Bd3
{[%clk 0:03:06]} c5 {[%clk 0:03:04]} 5. e5 {[%clk 0:03:06]} Nfd7 {[%clk 0:03:05]}
6. Ngf3 {[%clk 0:03:06]} Nc6 {[%clk 0:03:05]} 7. c3 {[%clk 0:03:04]} cxd4
{[%clk 0:03:05]} 8. cxd4 {[%clk 0:03:05]} f6 {[%clk 0:03:03]} 9. exf6
{[%clk 0:03:05]} Nxf6 {[%clk 0:03:04]} 10. O-O {[%clk 0:03:05]} Bd6
{[%clk 0:03:04]} 11. Nb3 {[%clk 0:03:06]} O-O {[%clk 0:03:00]} 12. Bg5
{[%clk 0:03:06]} Qc7 {[%clk 0:02:58]} 13. h3 {[%clk 0:03:05]} Bd7
{[%clk 0:02:51]} 14. Rc1 {[%clk 0:03:05]} Rae8 {[%clk 0:02:50]} 15. Re1
{[%clk 0:03:05]} Bb4 {[%clk 0:02:39]} 16. Rf1 {[%clk 0:03:02]} Bd6
{[%clk 0:02:32]} 17. Qc2 {[%clk 0:03:02]} h6 {[%clk 0:02:17]} 18. Bxf6
{[%clk 0:02:59]} Rxf6 {[%clk 0:02:18]} 19. a3 {[%clk 0:02:52]} Ref8
{[%clk 0:02:11]} 20. Nbd2 Qd8 {[%clk 0:02:11]} 21. Rce1 {[%clk 0:02:25]} Bb8
{[%clk 0:02:05]} 22. Qc3 {[%clk 0:01:56]} Rxf3 {[%clk 0:01:48]} 23. Nxf3
{[%clk 0:01:51]} Rxf3 {[%clk 0:01:37]} 24. gxf3 {[%clk 0:01:45]} Qg5+
{[%clk 0:01:31]} 25. Kh1 {[%clk 0:01:45]} Qf4 {[%clk 0:01:27]} 26. Bh7+
{[%clk 0:01:34]} Kxh7 {[%clk 0:01:23]} 27. Qd3+ {[%clk 0:01:30]} Kg8
{[%clk 0:01:20]} 28. Qg6 {[%clk 0:01:30]} Qh2# {[%clk 0:01:20]} 0-1

[Event "D18blitz"]
[Site "?"]
[Date "2020.08.27"]
[Round "8.1"]
[White "Furtak, Joanna"]
[Black "Jarocka, Liwia"]
[Result "1/2-1/2"]
[BlackElo "1828"]
[WhiteElo "1698"]
[LiveChessVersion "1.4.4"]

1. e4 e5 2. Bc4 Nc6 3. Nc3 Nf6 4. d3 Bc5 5. f4 d6 6. Nf3 O-O 7. f5 Na5 8. Bb3
Nxb3 9. axb3 d5 10. Bg5 dxe4 11. dxe4 Qxd1+ 12. Rxd1 Bb4 13. Bxf6 gxf6 14. O-O
Bxc3 15. bxc3 b6 16. Rfe1 Bb7 17. Rd7 Rac8 18. Kf2 Bc6 19. Rd3 Rfd8 20. Ke3 Kf8
21. g4 a5 22. g5 Ke7 1/2-1/2

[Event "D18blitz"]
[Site "?"]
[Date "2020.08.27"]
[Round "8.2"]
[White "Kulpa, Zuzanna"]
[Black "Malicka, Maria"]
[Result "0-1"]
[BlackElo "1818"]
[WhiteElo "1490"]
[LiveChessVersion "1.4.4"]

1. d4 {[%clk 0:03:03]} Nf6 {[%clk 0:03:03]} 2. c4 {[%clk 0:03:04]} c5
{[%clk 0:03:04]} 3. d5 {[%clk 0:03:06]} b5 {[%clk 0:03:06]} 4. Qc2
{[%clk 0:03:06]} bxc4 {[%clk 0:03:07]} 5. e4 {[%clk 0:03:08]} d6 {[%clk 0:03:08]}
6. Bxc4 {[%clk 0:03:08]} g6 {[%clk 0:03:09]} 7. f4 {[%clk 0:03:08]} Bg7
{[%clk 0:03:09]} 8. Nf3 {[%clk 0:03:09]} O-O {[%clk 0:03:01]} 9. O-O
{[%clk 0:03:09]} Ba6 {[%clk 0:02:54]} 10. Bxa6 {[%clk 0:02:49]} Nxa6
{[%clk 0:02:55]} 11. Nc3 {[%clk 0:02:50]} Nd7 {[%clk 0:02:40]} 12. Qe2
{[%clk 0:02:37]} Nc7 {[%clk 0:02:18]} 13. e5 {[%clk 0:02:27]} Rb8
{[%clk 0:02:03]} 14. Rd1 {[%clk 0:02:16]} Nb6 {[%clk 0:01:47]} 15. Qe4
{[%clk 0:02:02]} Qc8 {[%clk 0:01:40]} 16. b3 {[%clk 0:01:33]} Qb7
{[%clk 0:01:30]} 17. Bb2 {[%clk 0:01:19]} Rbd8 {[%clk 0:01:24]} 18. exd6
{[%clk 0:01:08]} exd6 {[%clk 0:01:24]} 19. f5 {[%clk 0:01:02]} Rfe8
{[%clk 0:01:21]} 20. Qd3 {[%clk 0:01:03]} Qa6 {[%clk 0:01:01]} 21. Qd2
{[%clk 0:00:55]} Re7 {[%clk 0:00:33]} 22. Qf4 {[%clk 0:00:40]} gxf5
{[%clk 0:00:19]} 23. Qxf5 {[%clk 0:00:32]} Rde8 {[%clk 0:00:20]} 24. Ng5
{[%clk 0:00:30]} f6 {[%clk 0:00:13]} 25. Qxh7+ {[%clk 0:00:18]} Kf8
{[%clk 0:00:14]} 26. Nf3 {[%clk 0:00:15]} Re3 {[%clk 0:00:09]} 27. Re1
{[%clk 0:00:12]} Rxe1+ {[%clk 0:00:09]} 28. Rxe1 {[%clk 0:00:13]} Rxe1+
{[%clk 0:00:10]} 29. Nxe1 {[%clk 0:00:14]} Nbxd5 {[%clk 0:00:09]} 30. Nxd5
{[%clk 0:00:12]} Nxd5 {[%clk 0:00:10]} 31. Qe4 {[%clk 0:00:10]} Qc6
{[%clk 0:00:09]} 32. Nd3 {[%clk 0:00:07]} Nb4 {[%clk 0:00:08]} 0-1

[Event "D18blitz"]
[Site "?"]
[Date "2020.08.27"]
[Round "8.3"]
[White "Rudzinska, Michalina"]
[Black "Michalska, Aleksandra"]
[Result "1/2-1/2"]
[BlackElo "1688"]
[WhiteElo "1804"]
[LiveChessVersion "1.4.4"]

1. e4 {[%clk 0:03:03]} e5 {[%clk 0:03:04]} 2. Nf3 {[%clk 0:03:04]} Nc6
{[%clk 0:03:05]} 3. Nc3 {[%clk 0:03:05]} Nf6 {[%clk 0:03:06]} 4. Bb5
{[%clk 0:03:06]} Bc5 {[%clk 0:03:07]} 5. d3 {[%clk 0:03:03]} d6 {[%clk 0:03:08]}
6. O-O {[%clk 0:03:03]} h6 {[%clk 0:03:09]} 7. h3 {[%clk 0:02:58]} O-O
{[%clk 0:03:09]} 8. Ne2 {[%clk 0:02:49]} Nh5 {[%clk 0:02:58]} 9. c3
{[%clk 0:02:39]} Bb6 {[%clk 0:02:56]} 10. d4 {[%clk 0:02:29]} exd4
{[%clk 0:02:53]} 11. Nexd4 {[%clk 0:02:24]} Nxd4 {[%clk 0:02:49]} 12. Nxd4
{[%clk 0:02:22]} Nf6 {[%clk 0:02:42]} 13. Qf3 {[%clk 0:02:22]} Nh7
{[%clk 0:02:21]} 14. Nf5 {[%clk 0:02:00]} Qf6 {[%clk 0:02:12]} 15. Bd3
{[%clk 0:01:59]} Ng5 {[%clk 0:01:57]} 16. Qg3 {[%clk 0:01:45]} Kh8
{[%clk 0:01:36]} 17. Bd2 {[%clk 0:01:17]} Ne6 {[%clk 0:00:58]} 18. Kh1
{[%clk 0:01:06]} Nc5 {[%clk 0:00:58]} 19. Bc2 {[%clk 0:01:06]} Bxf5
{[%clk 0:00:55]} 20. exf5 {[%clk 0:01:07]} Rfe8 {[%clk 0:00:52]} 21. Rfe1
{[%clk 0:01:06]} Nd7 {[%clk 0:00:49]} 22. f4 {[%clk 0:00:45]} Nc5
{[%clk 0:00:44]} 23. c4 {[%clk 0:00:43]} Nd7 {[%clk 0:00:29]} 24. Qf3
{[%clk 0:00:29]} c6 {[%clk 0:00:22]} 25. Bc3 {[%clk 0:00:09]} Bd4
{[%clk 0:00:24]} 26. Rad1 {[%clk 0:00:07]} Bxc3 {[%clk 0:00:24]} 27. bxc3
{[%clk 0:00:08]} Rxe1+ {[%clk 0:00:23]} 28. Rxe1 {[%clk 0:00:09]} Nc5
{[%clk 0:00:21]} 29. Rd1 {[%clk 0:00:09]} Rd8 {[%clk 0:00:21]} 30. Qe3
{[%clk 0:00:08]} Kg8 {[%clk 0:00:18]} 31. Qd4 {[%clk 0:00:09]} Qxd4
{[%clk 0:00:19]} 32. cxd4 {[%clk 0:00:10]} Nd7 {[%clk 0:00:20]} 33. Re1
{[%clk 0:00:10]} Kf8 {[%clk 0:00:21]} 34. Rb1 {[%clk 0:00:11]} b6
{[%clk 0:00:21]} 35. Ba4 {[%clk 0:00:11]} Nb8 {[%clk 0:00:22]} 36. Re1
{[%clk 0:00:11]} d5 {[%clk 0:00:22]} 37. c5 {[%clk 0:00:10]} b5 {[%clk 0:00:24]}
38. Bc2 {[%clk 0:00:11]} Re8 {[%clk 0:00:25]} 39. Rxe8+ {[%clk 0:00:10]} Kxe8
{[%clk 0:00:26]} 40. Kg1 {[%clk 0:00:09]} Na6 {[%clk 0:00:27]} 41. Kf2
{[%clk 0:00:09]} Nb4 {[%clk 0:00:27]} 42. Bb3 {[%clk 0:00:10]} Ke7
{[%clk 0:00:26]} 43. Ke3 {[%clk 0:00:09]} Na6 {[%clk 0:00:25]} 44. g4
{[%clk 0:00:10]} Nc7 {[%clk 0:00:25]} 45. Ke4 1/2-1/2

[Event "D18blitz"]
[Site "?"]
[Date "2020.08.27"]
[Round "8.4"]
[White "Kalinowska, Zuzanna"]
[Black "Sowa, Wiktoria"]
[Result "1/2-1/2"]
[BlackElo "1802"]
[WhiteElo "1798"]
[LiveChessVersion "1.4.4"]

1. d4 {[%clk 0:03:03]} Nf6 {[%clk 0:03:04]} 2. c4 {[%clk 0:03:04]} g6
{[%clk 0:03:05]} 3. Nc3 {[%clk 0:03:05]} d5 {[%clk 0:03:07]} 4. cxd5
{[%clk 0:03:06]} Nxd5 {[%clk 0:03:08]} 5. e4 {[%clk 0:03:06]} Nxc3
{[%clk 0:03:09]} 6. bxc3 {[%clk 0:03:07]} Bg7 {[%clk 0:03:11]} 7. Nf3
{[%clk 0:03:06]} c5 {[%clk 0:03:12]} 8. Be3 {[%clk 0:03:04]} O-O {[%clk 0:03:12]}
9. Qd2 {[%clk 0:03:02]} Nc6 {[%clk 0:03:09]} 10. Rc1 {[%clk 0:02:50]} Qc7
{[%clk 0:03:06]} 11. d5 {[%clk 0:02:44]} Ne5 {[%clk 0:03:03]} 12. Nxe5
{[%clk 0:02:25]} Bxe5 {[%clk 0:03:03]} 13. f4 {[%clk 0:02:22]} Bg7
{[%clk 0:03:05]} 14. Be2 {[%clk 0:02:21]} b6 {[%clk 0:03:03]} 15. O-O
{[%clk 0:02:20]} Bb7 {[%clk 0:03:04]} 16. c4 {[%clk 0:02:17]} Rad8
{[%clk 0:03:02]} 17. Bf3 {[%clk 0:02:16]} Rfe8 {[%clk 0:02:56]} 18. e5
{[%clk 0:02:12]} Bc8 {[%clk 0:02:24]} 19. Qe2 {[%clk 0:02:05]} Bb7
{[%clk 0:02:12]} 20. Rcd1 {[%clk 0:01:59]} a6 {[%clk 0:01:59]} 21. a4
{[%clk 0:01:59]} Qd7 {[%clk 0:01:53]} 22. Qc2 {[%clk 0:01:54]} Qc7
{[%clk 0:01:43]} 23. Rd3 {[%clk 0:01:52]} Bc8 {[%clk 0:01:43]} 24. Rb3
{[%clk 0:01:51]} Bf5 {[%clk 0:01:42]} 25. Be4 {[%clk 0:01:50]} Bxe4
{[%clk 0:01:28]} 26. Qxe4 {[%clk 0:01:50]} Rb8 {[%clk 0:01:13]} 27. Rfb1
{[%clk 0:01:50]} Qd7 {[%clk 0:01:06]} 28. Ra3 {[%clk 0:01:37]} Qc7
{[%clk 0:01:04]} 29. Rab3 {[%clk 0:01:27]} Rb7 {[%clk 0:00:59]} 30. a5
{[%clk 0:01:22]} Reb8 {[%clk 0:00:55]} 31. axb6 {[%clk 0:01:11]} Rxb6
{[%clk 0:00:56]} 32. Rxb6 {[%clk 0:00:57]} Rxb6 {[%clk 0:00:57]} 33. Rxb6
{[%clk 0:00:55]} Qxb6 {[%clk 0:00:58]} 34. Qc2 {[%clk 0:00:55]} a5
{[%clk 0:00:51]} 35. Bd2 {[%clk 0:00:51]} Qa6 {[%clk 0:00:28]} 36. Qa4
{[%clk 0:00:46]} Qb6 {[%clk 0:00:22]} 37. Qb5 {[%clk 0:00:36]} Qc7
{[%clk 0:00:09]} 38. Bxa5 Qc8 39. h3 {[%clk 0:00:17]} Qf5 {[%clk 0:00:09]} 40.
Qxc5 {[%clk 0:00:14]} Qxf4 {[%clk 0:00:09]} 41. Qc8+ {[%clk 0:00:12]} Bf8
{[%clk 0:00:08]} 42. Bb6 {[%clk 0:00:05]} Qc1+ {[%clk 0:00:06]} 43. Kh2
{[%clk 0:00:06]} Qf4+ {[%clk 0:00:08]} 44. Kg1 {[%clk 0:00:06]} Qc1+
{[%clk 0:00:08]} 45. Kh2 {[%clk 0:00:07]} Qf4+ {[%clk 0:00:10]} 46. Kg1
{[%clk 0:00:05]} Qc1+ {[%clk 0:00:09]} 47. Kh2 {[%clk 0:00:06]} Qf4+
{[%clk 0:00:11]} 48. Kg1 {[%clk 0:00:05]} Qc1+ {[%clk 0:00:09]} 49. Kh2
{[%clk 0:00:06]} Qf4+ {[%clk 0:00:10]} 50. Kg1 {[%clk 0:00:07]} Qc1+
{[%clk 0:00:09]} 51. Kh2 {[%clk 0:00:08]} 1/2-1/2

[Event "D18blitz"]
[Site "?"]
[Date "2020.08.27"]
[Round "8.5"]
[White "Czarniecka, Aleksandra"]
[Black "Giefert, Sara"]
[Result "1-0"]
[BlackElo "1298"]
[WhiteElo "1758"]
[LiveChessVersion "1.4.4"]

1. e4 {[%clk 0:03:04]} c5 {[%clk 0:03:04]} 2. Nf3 {[%clk 0:03:05]} d6
{[%clk 0:03:05]} 3. d4 {[%clk 0:03:06]} cxd4 {[%clk 0:03:06]} 4. Nxd4
{[%clk 0:03:07]} Nf6 {[%clk 0:03:07]} 5. Nc3 {[%clk 0:03:09]} a6 {[%clk 0:03:08]}
6. f3 {[%clk 0:03:10]} e5 {[%clk 0:03:09]} 7. Nb3 {[%clk 0:03:11]} Be6
{[%clk 0:03:10]} 8. Be3 {[%clk 0:03:12]} Nbd7 {[%clk 0:03:11]} 9. Qd2
{[%clk 0:03:14]} Rc8 {[%clk 0:03:06]} 10. g4 {[%clk 0:03:14]} b5 {[%clk 0:03:00]}
11. g5 {[%clk 0:03:13]} Nh5 {[%clk 0:02:52]} 12. Nd5 {[%clk 0:03:11]} Bxd5
{[%clk 0:02:48]} 13. exd5 {[%clk 0:03:12]} Nb6 {[%clk 0:02:41]} 14. Bxb6
{[%clk 0:02:59]} Qxb6 {[%clk 0:02:41]} 15. O-O-O {[%clk 0:03:00]} Be7
{[%clk 0:02:30]} 16. Bh3 {[%clk 0:02:46]} Rc7 {[%clk 0:02:29]} 17. Bg4
{[%clk 0:02:47]} Nf4 {[%clk 0:02:29]} 18. h4 {[%clk 0:02:47]} h6 {[%clk 0:02:17]}
19. Kb1 {[%clk 0:02:23]} hxg5 {[%clk 0:02:03]} 20. hxg5 {[%clk 0:02:24]} Rxh1
{[%clk 0:02:04]} 21. Rxh1 {[%clk 0:02:25]} Bxg5 {[%clk 0:02:02]} 22. Rh8+
{[%clk 0:02:13]} Ke7 {[%clk 0:02:01]} 23. a3 {[%clk 0:01:57]} Bh6
{[%clk 0:01:35]} 24. Na5 {[%clk 0:00:51]} Ng6 {[%clk 0:01:26]} 25. Rxh6
{[%clk 0:00:43]} gxh6 {[%clk 0:01:27]} 26. Nc6+ {[%clk 0:00:44]} Rxc6
{[%clk 0:00:31]} 27. dxc6 {[%clk 0:00:46]} Qxc6 {[%clk 0:00:31]} 28. Qxh6
{[%clk 0:00:47]} Qd5 {[%clk 0:00:27]} 29. Qg5+ {[%clk 0:00:45]} Ke8
{[%clk 0:00:26]} 30. Qf5 {[%clk 0:00:40]} Qd1+ {[%clk 0:00:18]} 31. Ka2
{[%clk 0:00:42]} Qd5+ {[%clk 0:00:19]} 32. b3 {[%clk 0:00:44]} Qc6
{[%clk 0:00:16]} 33. Bh5 {[%clk 0:00:41]} Qd7 {[%clk 0:00:05]} 34. Bxg6
{[%clk 0:00:33]} fxg6 {[%clk 0:00:06]} 1-0

[Event "D18blitz"]
[Site "?"]
[Date "2020.08.27"]
[Round "8.6"]
[White "Kucharska, Honorata"]
[Black "Swiech, Joanna"]
[Result "1/2-1/2"]
[BlackElo "1664"]
[WhiteElo "2038"]
[LiveChessVersion "1.4.4"]

1. d4 {[%clk 0:03:04]} d5 {[%clk 0:03:03]} 2. Nf3 {[%clk 0:03:05]} Nf6
{[%clk 0:03:02]} 3. Bf4 {[%clk 0:03:05]} e6 {[%clk 0:03:02]} 4. e3
{[%clk 0:03:06]} b6 {[%clk 0:03:01]} 5. Be2 {[%clk 0:03:01]} Bb7 {[%clk 0:03:01]}
6. O-O {[%clk 0:03:01]} Bd6 {[%clk 0:03:01]} 7. Ne5 {[%clk 0:03:02]} O-O
{[%clk 0:03:00]} 8. Bg3 {[%clk 0:03:03]} Qe7 {[%clk 0:02:58]} 9. c3
{[%clk 0:03:01]} Nbd7 {[%clk 0:02:56]} 10. Nd2 {[%clk 0:03:00]} Rac8
{[%clk 0:02:44]} 11. f4 {[%clk 0:03:01]} Ne4 {[%clk 0:02:39]} 12. Nxe4
{[%clk 0:02:51]} dxe4 {[%clk 0:02:39]} 13. Nc4 {[%clk 0:02:49]} f5
{[%clk 0:02:30]} 14. Qe1 {[%clk 0:02:44]} Nf6 {[%clk 0:02:03]} 15. Bh4
{[%clk 0:02:42]} Qe8 {[%clk 0:01:49]} 16. Rc1 {[%clk 0:02:16]} Be7
{[%clk 0:01:39]} 17. Ne5 {[%clk 0:02:06]} Nd7 {[%clk 0:01:31]} 18. Bxe7
{[%clk 0:01:48]} Qxe7 {[%clk 0:01:32]} 19. c4 {[%clk 0:01:45]} c5
{[%clk 0:01:23]} 20. Rd1 {[%clk 0:01:36]} cxd4 {[%clk 0:01:14]} 21. exd4
{[%clk 0:01:37]} Nxe5 {[%clk 0:01:12]} 22. dxe5 {[%clk 0:01:23]} Rfd8
{[%clk 0:01:09]} 23. Qf2 {[%clk 0:00:53]} Rxd1 {[%clk 0:00:49]} 24. Rxd1
{[%clk 0:00:53]} Rd8 {[%clk 0:00:47]} 25. Rd4 {[%clk 0:00:54]} Rxd4
{[%clk 0:00:42]} 26. Qxd4 {[%clk 0:00:54]} Qc5 {[%clk 0:00:38]} 27. Qxc5
{[%clk 0:00:55]} bxc5 {[%clk 0:00:39]} 28. Kf2 {[%clk 0:00:51]} Kf7
{[%clk 0:00:40]} 29. Ke3 {[%clk 0:00:46]} Ke7 {[%clk 0:00:40]} 30. a3
{[%clk 0:00:45]} a5 {[%clk 0:00:40]} 31. g3 {[%clk 0:00:39]} Kd7 {[%clk 0:00:39]}
32. h3 {[%clk 0:00:26]} g6 {[%clk 0:00:29]} 33. Bd1 {[%clk 0:00:14]} 1/2-1/2

[Event "D18blitz"]
[Site "?"]
[Date "2020.08.27"]
[Round "9.1"]
[White "Michalska, Aleksandra"]
[Black "Malicka, Maria"]
[Result "1-0"]
[BlackElo "1818"]
[WhiteElo "1688"]
[LiveChessVersion "1.4.4"]

1. e4 c5 2. Nc3 Nc6 3. Bb5 Nd4 4. Bc4 e6 5. d3 a6 6. a4 d6 7. Nge2 Nxe2 8. Qxe2
Nf6 9. f4 Be7 10. O-O O-O 11. Bb3 Rb8 12. h3 b5 13. axb5 axb5 14. Qf2 c4 15. dxc4
b4 16. Nb5 Nxe4 17. Qe1 Nc5 18. Be3 Bf6 19. Rb1 Bb7 20. Qxb4 Qb6 21. Bxc5 dxc5
22. Qd2 Rfd8 23. Qe2 Qc6 24. Rbd1 Bxb2 25. c3 Rxd1 26. Rxd1 Bxc3 27. Nxc3 Ba8 28.
Ba4 Qb7 29. Bb5 h6 30. Rd7 Qc8 31. Qd2 Qf8 32. Ne2 Be4 33. Ng3 Bb1 34. Qd6 Qc8
35. Qe7 Bg6 36. Ne4 Ra8 37. Nd6 Qf8 38. Qxf8+ Kxf8 39. Rc7 Ra1+ 40. Kh2 Rd1 41.
Nb7 Rd4 42. Kg3 Rd3+ 43. Kf2 Rd4 44. g3 Rd2+ 45. Ke1 Rg2 46. Rc8+ Ke7 47. Rxc5
Rxg3 48. Rc7+ Kf6 49. c5 Rxh3 50. c6 Be4 51. Nd6 Bd5 52. Rxf7+ Kg6 53. Re7 Bxc6
54. Bxc6 Kf6 55. Rf7+ Kg6 56. Rf8 Rd3 57. Be4+ 1-0

[Event "D18blitz"]
[Site "?"]
[Date "2020.08.27"]
[Round "9.2"]
[White "Jarocka, Liwia"]
[Black "Czarniecka, Aleksandra"]
[Result "0-1"]
[BlackElo "1758"]
[WhiteElo "1828"]
[LiveChessVersion "1.4.4"]

1. d4 {[%clk 0:03:04]} Nf6 {[%clk 0:03:04]} 2. Bf4 {[%clk 0:03:05]} g6
{[%clk 0:03:05]} 3. e3 {[%clk 0:03:03]} Bg7 {[%clk 0:03:05]} 4. h3
{[%clk 0:03:02]} d6 {[%clk 0:03:05]} 5. Nf3 {[%clk 0:03:02]} Nfd7
{[%clk 0:03:02]} 6. c3 {[%clk 0:02:54]} e5 {[%clk 0:03:03]} 7. Bh2
{[%clk 0:02:54]} O-O {[%clk 0:03:03]} 8. Be2 {[%clk 0:02:52]} Nc6
{[%clk 0:02:59]} 9. O-O {[%clk 0:02:52]} e4 {[%clk 0:02:59]} 10. Nfd2
{[%clk 0:02:47]} f5 {[%clk 0:02:59]} 11. b4 {[%clk 0:02:32]} a6 {[%clk 0:02:52]}
12. a4 {[%clk 0:02:07]} Nf6 {[%clk 0:02:45]} 13. Na3 {[%clk 0:02:01]} Kh8
{[%clk 0:02:34]} 14. b5 {[%clk 0:02:01]} axb5 {[%clk 0:02:32]} 15. axb5
{[%clk 0:02:02]} Ne7 {[%clk 0:02:30]} 16. c4 {[%clk 0:01:57]} g5 {[%clk 0:02:30]}
17. Nc2 {[%clk 0:01:14]} Rxa1 {[%clk 0:02:28]} 18. Nxa1 {[%clk 0:01:15]} Ng6
{[%clk 0:02:29]} 19. c5 {[%clk 0:01:02]} f4 {[%clk 0:02:28]} 20. Bc4
{[%clk 0:00:28]} d5 {[%clk 0:02:28]} 21. Ba2 {[%clk 0:00:25]} Bh6
{[%clk 0:01:53]} 22. b6 {[%clk 0:00:17]} c6 {[%clk 0:01:52]} 23. Re1
{[%clk 0:00:14]} Be6 {[%clk 0:01:35]} 24. Nab3 {[%clk 0:00:15]} Qd7
{[%clk 0:01:35]} 25. Nf1 {[%clk 0:00:14]} Bxh3 {[%clk 0:01:15]} 26. Na5
{[%clk 0:00:03]} Bxg2 {[%clk 0:01:08]} 27. Kxg2 {[%clk 0:00:03]} f3+
{[%clk 0:01:10]} 28. Kh1 {[%clk 0:00:05]} Qh3 {[%clk 0:01:09]} 0-1

[Event "D18blitz"]
[Site "?"]
[Date "2020.08.27"]
[Round "9.3"]
[White "Rudzinska, Michalina"]
[Black "Furtak, Joanna"]
[Result "0-1"]
[BlackElo "1698"]
[WhiteElo "1804"]
[LiveChessVersion "1.4.4"]

1. e4 {[%clk 0:03:03]} c5 {[%clk 0:03:03]} 2. Nf3 {[%clk 0:03:04]} Nc6
{[%clk 0:03:04]} 3. d4 {[%clk 0:03:05]} cxd4 {[%clk 0:03:05]} 4. Nxd4
{[%clk 0:03:06]} Qc7 {[%clk 0:03:06]} 5. Nc3 {[%clk 0:03:01]} e6 {[%clk 0:03:07]}
6. Be3 {[%clk 0:02:47]} a6 {[%clk 0:03:08]} 7. a3 {[%clk 0:02:47]} Nf6
{[%clk 0:03:07]} 8. Be2 {[%clk 0:02:45]} Be7 {[%clk 0:03:01]} 9. O-O
{[%clk 0:02:44]} O-O {[%clk 0:03:01]} 10. f4 {[%clk 0:02:38]} d6 {[%clk 0:03:00]}
11. Bf3 {[%clk 0:02:39]} Nxd4 {[%clk 0:02:43]} 12. Bxd4 {[%clk 0:02:37]} e5
{[%clk 0:02:41]} 13. fxe5 {[%clk 0:02:13]} dxe5 {[%clk 0:02:41]} 14. Be3
{[%clk 0:02:13]} Bc5 {[%clk 0:02:20]} 15. Qe2 {[%clk 0:02:09]} Be6
{[%clk 0:02:12]} 16. Kh1 {[%clk 0:02:04]} b5 {[%clk 0:01:58]} 17. Rfd1
{[%clk 0:01:49]} Rfd8 {[%clk 0:01:32]} 18. Bg5 {[%clk 0:01:45]} Be7
{[%clk 0:01:17]} 19. Nd5 {[%clk 0:01:22]} Bxd5 {[%clk 0:00:44]} 20. exd5
{[%clk 0:01:23]} Rac8 {[%clk 0:00:44]} 21. Bxf6 {[%clk 0:01:06]} Bxf6
{[%clk 0:00:44]} 22. c3 {[%clk 0:01:07]} Qc4 {[%clk 0:00:30]} 23. Qf2
{[%clk 0:01:00]} e4 {[%clk 0:00:23]} 24. Bg4 {[%clk 0:00:51]} Rc5
{[%clk 0:00:14]} 25. d6 {[%clk 0:00:50]} Rd5 {[%clk 0:00:12]} 26. d7
{[%clk 0:00:47]} h5 {[%clk 0:00:11]} 27. Rxd5 {[%clk 0:00:27]} Qxd5
{[%clk 0:00:12]} 28. Rd1 {[%clk 0:00:27]} Qe5 {[%clk 0:00:13]} 29. Bh3
{[%clk 0:00:10]} Be7 {[%clk 0:00:11]} 30. Re1 {[%clk 0:00:09]} g6
{[%clk 0:00:09]} 31. Qb6 {[%clk 0:00:05]} Qd6 {[%clk 0:00:06]} 32. Qb7
{[%clk 0:00:05]} f5 {[%clk 0:00:05]} 33. g3 {[%clk 0:00:04]} Qxd7
{[%clk 0:00:06]} 34. Qxa6 {[%clk 0:00:05]} Qd6 {[%clk 0:00:07]} 35. Qxb5
{[%clk 0:00:05]} Qd5 {[%clk 0:00:08]} 36. Qxd5+ {[%clk 0:00:06]} Rxd5
{[%clk 0:00:09]} 37. Bf1 {[%clk 0:00:06]} Rd2 {[%clk 0:00:10]} 38. Bc4+
{[%clk 0:00:07]} Kg7 {[%clk 0:00:10]} 39. Rb1 {[%clk 0:00:08]} e3
{[%clk 0:00:11]} 40. Kg1 {[%clk 0:00:08]} Bc5 {[%clk 0:01:11]} 41. Kf1
{[%clk 0:00:04]} Rxh2 {[%clk 0:01:11]} 42. Rd1 {[%clk 0:00:04]} Rxb2
{[%clk 0:01:10]} 43. Be2 {[%clk 0:00:05]} Bxa3 {[%clk 0:01:05]} 44. c4
{[%clk 0:00:05]} Rc2 {[%clk 0:00:59]} 45. Rd3 {[%clk 0:00:05]} Bc1
{[%clk 0:00:33]} 46. Rd5 {[%clk 0:00:06]} Kf6 {[%clk 0:00:27]} 47. Bd3
{[%clk 0:00:04]} Rf2+ {[%clk 0:00:25]} 48. Ke1 {[%clk 0:00:05]} Bd2+
{[%clk 0:00:26]} 49. Kd1 {[%clk 0:00:06]} Rg2 {[%clk 0:00:24]} 50. c5
{[%clk 0:00:06]} Rxg3 {[%clk 0:00:22]} 51. c6 {[%clk 0:00:07]} Rg1+
{[%clk 0:00:23]} 52. Ke2 {[%clk 0:00:05]} Rc1 {[%clk 0:00:15]} 53. Bb5
{[%clk 0:00:06]} g5 {[%clk 0:00:13]} 54. Rd7 {[%clk 0:00:06]} f4 {[%clk 0:00:12]}
55. c7 {[%clk 0:00:07]} g4 {[%clk 0:00:12]} 56. Ba6 {[%clk 0:00:07]} f3+
{[%clk 0:00:11]} 57. Kd3 {[%clk 0:00:08]} e2 {[%clk 0:00:04]} 58. c8=Q
{[%clk 0:00:08]} Rxc8 {[%clk 0:00:04]} 59. Kxd2 {[%clk 0:00:08]} Ra8
{[%clk 0:00:03]} 60. Bc4 {[%clk 0:00:08]} Ra1 {[%clk 0:00:04]} 61. Rf7+
{[%clk 0:00:07]} Kg5 {[%clk 0:00:05]} 62. Rg7+ {[%clk 0:00:07]} Kh4
{[%clk 0:00:05]} 63. Re7 {[%clk 0:00:08]} Kg3 {[%clk 0:00:06]} 64. Re5
{[%clk 0:00:07]} h4 {[%clk 0:00:07]} 65. Re3 {[%clk 0:00:07]} Kf2
{[%clk 0:00:08]} 66. Re4 {[%clk 0:00:08]} e1=Q+ {[%clk 0:00:07]} 67. Rxe1
{[%clk 0:00:08]} Rxe1 {[%clk 0:00:08]} 68. Bd5 {[%clk 0:00:08]} Ra1
{[%clk 0:00:09]} 0-1

[Event "D18blitz"]
[Site "?"]
[Date "2020.08.27"]
[Round "9.4"]
[White "Swiech, Joanna"]
[Black "Kalinowska, Zuzanna"]
[Result "1/2-1/2"]
[BlackElo "1798"]
[WhiteElo "1664"]
[LiveChessVersion "1.4.4"]

1. d4 {[%clk 0:03:02]} Nf6 {[%clk 0:03:03]} 2. c4 {[%clk 0:03:03]} e6
{[%clk 0:03:03]} 3. a3 {[%clk 0:03:03]} b6 {[%clk 0:03:03]} 4. Nc3
{[%clk 0:03:04]} d5 {[%clk 0:03:00]} 5. Bg5 {[%clk 0:02:59]} Bb7 {[%clk 0:02:50]}
6. Nf3 {[%clk 1:42:53]} Be7 {[%clk 0:02:46]} 7. e3 {[%clk 0:02:54]} O-O
{[%clk 0:02:45]} 8. Bd3 {[%clk 0:02:52]} h6 {[%clk 0:02:36]} 9. Bh4
{[%clk 0:02:52]} Nbd7 {[%clk 0:02:29]} 10. O-O {[%clk 0:02:45]} c5
{[%clk 0:02:26]} 11. cxd5 {[%clk 0:02:42]} Nxd5 {[%clk 0:02:22]} 12. Bxe7
{[%clk 0:02:37]} Qxe7 {[%clk 0:02:20]} 13. Nxd5 {[%clk 0:02:34]} Bxd5
{[%clk 0:02:20]} 14. dxc5 {[%clk 0:02:04]} Nxc5 {[%clk 0:02:20]} 15. Bc2
{[%clk 0:02:01]} Rfd8 {[%clk 0:02:18]} 16. Qe2 {[%clk 0:01:55]} Rac8
{[%clk 0:02:12]} 17. Rac1 {[%clk 0:01:46]} Qf6 {[%clk 0:01:54]} 18. b4
{[%clk 0:01:22]} Ne4 {[%clk 0:01:44]} 19. Bxe4 {[%clk 0:01:20]} Bxe4
{[%clk 0:01:43]} 20. Rfd1 {[%clk 0:00:33]} Bxf3 {[%clk 0:01:15]} 21. Qxf3
{[%clk 0:00:28]} Rxc1 {[%clk 0:00:55]} 22. Rxc1 {[%clk 0:00:27]} Qb2
{[%clk 0:00:48]} 23. Qc6 {[%clk 0:00:11]} Qxa3 {[%clk 0:00:42]} 24. b5
{[%clk 0:00:10]} Qd3 {[%clk 0:00:32]} 25. h3 {[%clk 0:00:08]} Qd7
{[%clk 0:00:23]} 26. Qc4 {[%clk 0:00:05]} Qd5 {[%clk 0:00:20]} 27. Qa4
{[%clk 0:00:05]} Rd7 {[%clk 0:00:18]} 28. Qa6 {[%clk 0:00:05]} Kh7
{[%clk 0:00:12]} 29. Ra1 {[%clk 0:00:05]} Qe5 {[%clk 0:00:08]} 30. Rb1
{[%clk 0:00:05]} Qe4 {[%clk 0:00:08]} 31. Ra1 Qc2 32. Ra2 Rd1+ 33. Kh2 Qc7+ 34.
g3 {[%clk 0:00:05]} Qc1 35. Qb7 Rd5 36. Qc6 Qb1 37. Rxa7 Rf5 38. Qg2 Qxb5
{[%clk 0:00:00]} 1/2-1/2